Gjett hvilken artist som har lagd albumet! - Statistics

General Stats
  • This quiz has been taken 11 times
  • The average score is 9 of 16
Answer Stats
Picture Answer % Correct
Hagle
100%
Cezinando
75%
Gabrielle
75%
Mods
75%
Raga Rockers
75%
Delillos
63%
Erik og Kriss
63%
Jokke og Valentinerne
63%
Karpe
63%
DumDum Boys
50%
Postgirobygget
50%
Madrugada
38%
Bigbang
25%
Hjerteslag
25%
Roc Boyz
25%
Susanne Sundfør
25%
No matching quizzes found
Score Distribution
Percent of People with Each Score
Percentile by Number Answered
Your Score History
You have not taken this quiz